000 00446nam a22001577a 4500
003 OSt
005 20260123120851.0
008 260123b |||||||| |||| 00| 0 eng d
040 _cMRSPTU
041 _aEnglish
100 _aGagandeep Mishra, Supervisor: Dr. Shaveta Rani
245 _aOptimistic Tower Deployment Techniques in VANETs
260 _bDepartment of CSE, MRSPTU, Bathinda
_c2015
650 _aComputer Science
942 _2ddc
_cTH
_n0
999 _c10732
_d10732